=LDR 00000nam 2200000 4500 =001 NUTBA000000000005271 =005 20141027110809.0 =006 =007 =008 =035 ##$$a 0010-101400000000501 =040 ##$$a NBPDMAT =090 ##$$a 372.8 $b Sit a =100 ##$$a Siti Rohani =245 ##$$a Aktivitas utama IPS untuk SMP/ MTs. kelas 8 semester 2/ $c Siti Rohani =260 ##$$a Jakarta : $b Pustaka Widya Utama, $c 2010 =300 ##$$a 74 hlm. : $b ilus. ; $c 29 cm. =650 ##$$a IPS SMP - Soal dan latihan =850 ##$$a NBPDMAT